00758nam a2200205Ia 4500003000900000008004100009040001600050080002400066111005900090245015600149260005600305300001000361650004100371650001500412650002000427650002400447650002500471700002700496710002900523IN-BaIIA211028s9999 xx 000 0 eng d cIIA Library a524.316(082.2)bLAT aColloquium on ate-type starscTriested1966 June 13-17 0aColloquium on late-type starsbproceedings of the colloquium held in Trieste, June 13-17, 1966cedited by Margherita Hack  aTriestebObservatoria Astronomicao Di Triestec1966 a465p. aAstronomy and astrophysics thesaurus aCool stars aLate type stars aStellar atmospheres aWilson - Bppu effect aHack, Margherita., ed. aOsservatorio Astronomico